Harry Potter Names by Chinese Pronunciation - Statistics

General Stats
  • This quiz has been taken 48 times
  • The average score is 15 of 42
Answer Stats
Chinese English % Correct
Hemin Hermione
82%
Abusi Albus
80%
Hali Harry
78%
Danbuliduo Dumbledore
71%
Lili Lily
71%
Jinni Ginny
69%
Luping Lupin
69%
Chali Charlie
60%
Sineipu Snape
60%
Haige Hagrid
56%
Duobi Dobby
53%
Mudi Moody
53%
Weisilai Weasley
51%
Haidewei Hedwig
49%
Luxiusi Lucius
47%
Ma'erfu Malfoy
47%
Langbadun Longbottom
44%
Delake Draco
40%
Nawei Neville
33%
Jiemusi James
31%
Luohate Lockhart
31%
Luo'en Ron
31%
Telilaoni Trelawney
31%
Bi'er Bill
29%
Gelanjie Granger
29%
Fodimo Voldemort
29%
Bote Potter
27%
Fuliwei Flitwick
24%
Fuleide Fred
22%
Bulaike Black
18%
Qiaozhi George
18%
Dali Dudley
16%
Maige McGonagall
16%
Desili Dursley
13%
Kelukeshan Crookshanks
11%
Xifolasi Severus
11%
Paixi Percy
9%
Sipulaote Sprout
9%
Funong Vernon
9%
Peini Petunia
7%
Fei'erqi Filch
4%
Fuqi Hooch
2%
No matching quizzes found
Score Distribution
Percent of People with Each Score
Percentile by Number Answered
Your Score History
You have not taken this quiz